Tố Hữu toàn tập Hai tập Tập 2
Gồm các bài viết về lý luận văn hoá nghệ thuật và quan điểm của Tố Hữu về văn học nghệ thuật và sáng tạo thơ ca, tài năng thơ ca và đóng góp của ông trong nền thơ ca cách mạng Việt Nam
সংরক্ষণ করুন:
| প্রধান লেখক: | |
|---|---|
| অন্যান্য লেখক: | |
| বিন্যাস: | গ্রন্থ |
| ভাষা: | Vietnamese |
| প্রকাশিত: |
H.
Văn Học
2009
|
| বিষয়গুলি: | |
| ট্যাগগুলো: |
ট্যাগ যুক্ত করুন
কোনো ট্যাগ নেই, প্রথমজন হিসাবে ট্যাগ করুন!
|
| Thư viện lưu trữ: | Mạng thư viện Đại học Đà Nẵng |
|---|
| LEADER | 01500nam a2200373 4500 | ||
|---|---|---|---|
| 001 | 000005757 | ||
| 003 | 1905 | ||
| 005 | 20120409090401.0 | ||
| 008 | 110822s2009 viesd | ||
| 020 | |c 000đ | ||
| 041 | 0 | |a vie | |
| 082 | |a 895.9221 |b TO-H | ||
| 100 | 0 | |a Tố Hữu | |
| 245 | 1 | 0 | |a Tố Hữu toàn tập |b Hai tập |c Tố Hữu ; Hà Minh Đức s.tầm tuyển chọn, giới thiệu |n Tập 2 |
| 260 | |a H. |b Văn Học |c 2009 | ||
| 300 | |a 990 tr : chân dung |c 21 cm | ||
| 520 | |a Gồm các bài viết về lý luận văn hoá nghệ thuật và quan điểm của Tố Hữu về văn học nghệ thuật và sáng tạo thơ ca, tài năng thơ ca và đóng góp của ông trong nền thơ ca cách mạng Việt Nam | ||
| 653 | |a Nghiên cứu văn học | ||
| 653 | |a Nghệ thuật | ||
| 653 | |a Sáng tác | ||
| 653 | |a Văn học | ||
| 700 | |a Hà Minh Đức |e s.tầm tuyển chọn, giới thiệu | ||
| 773 | |t Tố Hữu toàn tập |w 1902 | ||
| 910 | |a Nguyễn Thị Kim Oanh |d 22/08/2011 | ||
| OWN | |a LSP | ||
| AVA | |a UDN50 |b LSP |d 895.9221 TO-H |e available |t Error 5001 Not defined in file expand_doc_bib_avail. |f 2 |g 0 |h N |i 0 |k 1 | ||
| 999 | |a From the UDN01 | ||
| AVA | |a UDN50 |b LSP |d 895.9221 TO-H |e available |t Error 5001 Not defined in file expand_doc_bib_avail. |f 2 |g 0 |h N |i 0 |k 1 | ||
| TYP | |a Monograph | ||
| TYP | |a Printed language | ||
| 980 | |a Mạng thư viện Đại học Đà Nẵng | ||